Renewables-based technology : (Record no. 234917)

000 -LEADER
fixed length control field 03544cam a22003974a 4500
001 - CONTROL NUMBER
control field 14172626
003 - CONTROL NUMBER IDENTIFIER
control field Nust
005 - DATE AND TIME OF LATEST TRANSACTION
control field 20170403115631.0
008 - FIXED-LENGTH DATA ELEMENTS--GENERAL INFORMATION
fixed length control field 051118s2006 enka b 001 0 eng
010 ## - LIBRARY OF CONGRESS CONTROL NUMBER
LC control number 2005033645
015 ## - NATIONAL BIBLIOGRAPHY NUMBER
National bibliography number GBA612368
Source bnb
016 7# - NATIONAL BIBLIOGRAPHIC AGENCY CONTROL NUMBER
Record control number 013375381
Source Uk
020 ## - INTERNATIONAL STANDARD BOOK NUMBER
International Standard Book Number 0470022418 (cloth : alk. paper)
020 ## - INTERNATIONAL STANDARD BOOK NUMBER
International Standard Book Number 9780470022412 (cloth : alk. paper)
035 ## - SYSTEM CONTROL NUMBER
System control number (OCoLC)ocm62341525
040 ## - CATALOGING SOURCE
Original cataloging agency DLC
Transcribing agency DLC
Modifying agency BAKER
-- C#P
-- MUQ
-- AGL
-- YDXCP
-- BTCTA
-- OKU
-- UKM
-- STF
-- DLC
042 ## - AUTHENTICATION CODE
Authentication code pcc
050 00 - LIBRARY OF CONGRESS CALL NUMBER
Item number .R47 2006
070 0# - NATIONAL AGRICULTURAL LIBRARY CALL NUMBER
Item number .R47 2006
082 00 - DEWEY DECIMAL CLASSIFICATION NUMBER
Classification number 333.794 DEW
Edition number 22
245 00 - TITLE STATEMENT
Title Renewables-based technology :
Remainder of title sustainability assessment /
Statement of responsibility, etc. Edited by Jo Dewulf and Herman Van Langenhove.
260 ## - PUBLICATION, DISTRIBUTION, ETC.
Place of publication, distribution, etc. Chichester ;
-- Hoboken, NJ :
Name of publisher, distributor, etc. Wiley,
Date of publication, distribution, etc. c2006.
300 ## - PHYSICAL DESCRIPTION
Extent xxx, 354 p. :
Other physical details ill. ;
Dimensions 26 cm.
440 #0 - SERIES STATEMENT/ADDED ENTRY--TITLE
Title Wiley series in renewable resources
500 ## - GENERAL NOTE
General note H.B
504 ## - BIBLIOGRAPHY, ETC. NOTE
Bibliography, etc. note Includes bibliographical references and index.
505 0# - FORMATTED CONTENTS NOTE
Formatted contents note The contribution of renewables to society / Göran Berndes -- The potential of renewables as a feedstock for chemistry and energy / Wilfried G.J.H.M. van Sark, Martin K. Patel, André P.C. Faaij, Monique M. Hoogwijk -- Sustainability performance indicators / Alexei Lapkin -- Life cycle inventory analysis applied to renewable resources / Niels Jungbluth, Rolf Frischknecht -- Net energy balancing and fuel-cycle analysis / Hosein Shapouri, Michael Wang, James A. Duffield -- Life cycle assessment as an environmental sustainability tool / Adisa Azapagic -- Exergy / Jo Dewulf, Herman Van Langenhove -- Material flow analysis and the use of renewables from a systems perspective / Stefan Bringezu -- Ecological footprints and biocapacity : essential elements in sustainability assessment / William E. Rees -- The sustainable process index (SPI) / Michael Narodoslawsky, Anneliese Niederl -- Assessment of sustainable land use in producing biomass / Helmut Haberl, Karl-Heinz Erb -- Assessment of the forest products industries / Klaus Richter, Frank Werner, Hans-Jörg Althaus -- Assessment of the energy production industry : modern options for producing secondary energy carriers from biomass / André Faaij -- Assessment of biofuels / James A. Duffield, Hosein Shapouri, Michael Wang -- Assessment of organic waste treatment / Jan-Olov Sundqvist -- Oleochemical and petrochemical surfactants : an overall assessment / Erwan Saouter, Gert Van Hoof, Mark Stalmans, Alan Brunskill -- Assessment of bio-based packaging materials / Andreas Detzel, Martina Krüger, Axel Ostermayer -- Assessment of biotechnology-based chemicals / Peter Saling, Andreas Kicherer -- Assessment of bio-based pharmaceuticals : the Cephalexin case / Alle Bruggink, Peter Nossin.
650 #0 - SUBJECT ADDED ENTRY--TOPICAL TERM
Topical term or geographic name entry element Renewable energy sources.
650 #0 - SUBJECT ADDED ENTRY--TOPICAL TERM
Topical term or geographic name entry element Green chemistry.
700 1# - ADDED ENTRY--PERSONAL NAME
Personal name Dewulf, Jo.
700 1# - ADDED ENTRY--PERSONAL NAME
Personal name Langenhove, Herman Van.
856 41 - ELECTRONIC LOCATION AND ACCESS
Materials specified Table of contents
Uniform Resource Identifier <a href="http://www.loc.gov/catdir/toc/ecip063/2005033645.html">http://www.loc.gov/catdir/toc/ecip063/2005033645.html</a>
856 41 - ELECTRONIC LOCATION AND ACCESS
Public note Available to Stanford-affiliated users at:
-- Knovel
Uniform Resource Identifier <a href="http://www.knovel.com/knovel2/Toc.jsp?BookID=2177">http://www.knovel.com/knovel2/Toc.jsp?BookID=2177</a>
856 42 - ELECTRONIC LOCATION AND ACCESS
Materials specified Publisher description
Uniform Resource Identifier <a href="http://www.loc.gov/catdir/enhancements/fy0658/2005033645-d.html">http://www.loc.gov/catdir/enhancements/fy0658/2005033645-d.html</a>
906 ## - LOCAL DATA ELEMENT F, LDF (RLIN)
a 7
b cbc
c orignew
d 1
e ecip
f 20
g y-gencatlg
942 ## - ADDED ENTRY ELEMENTS (KOHA)
Source of classification or shelving scheme
Koha item type Book
Call number prefix 333.794 DEW
Holdings
Withdrawn status Lost status Source of classification or shelving scheme Damaged status Not for loan Collection code Permanent Location Current Location Shelving location Date acquired Total Checkouts Full call number Barcode Date last seen Price effective from Koha item type
            Institute of Environmental Science and Engineering (IESE) Institute of Environmental Science and Engineering (IESE) General Stacks 04/03/2017   333.794 DEW IESE-1264 04/03/2017 04/03/2017 Book
© 2023 Central Library, National University of Sciences and Technology. All Rights Reserved.